| 000 | 00473nam a2200181Ia 4500 | ||
|---|---|---|---|
| 003 | IN-BaIIA | ||
| 008 | 211028s9999 xx 000 0 eng d | ||
| 040 | _cIIA Library | ||
| 080 |
_a523.64 _bSCH |
||
| 100 |
_aSchulhof, Par MM. L. _91337 |
||
| 245 | 0 |
_aSur lorbite de la comete de 1812 (Pons) et sur son prochain retour _cPar MM L Schulhof |
|
| 260 | _c1812 | ||
| 300 | _a161p. | ||
| 650 | _aArchives | ||
| 650 |
_aComets _9755 |
||
| 650 | _aSolar system | ||
| 942 | _cBK | ||
| 999 |
_c610 _d610 |
||